Histoire de la vie et des ouvrages de P. Corneille / (Record no. 166072)

MARC details
000 -LEADER
campo de control de longitud fija 01005nam a22002655i 4500
001 - NÚMERO DE CONTROL
campo de control 166072
003 - IDENTIFICADOR DE NÚMERO DE CONTROL
campo de control ES-MaACL
005 - FECHA Y HORA DE LA ÚLTIMA TRANSACCIÓN
campo de control 20250927105644.0
008 - DATOS DE LONGITUD FIJA--INFORMACIÓN GENERAL
campo de control de longitud fija 050920s1855 fr | |||||||| ||fre d
040 ## - FUENTE DE CATALOGACIÓN
Centro catalogador/agencia de origen CAM
Lengua de catalogación spa
Centro/agencia transcriptor CAM
100 1# - ENTRADA PRINCIPAL--NOMBRE DE PERSONA
Nombre de persona Taschereau, J.M.
9 (RLIN) 133136
245 10 - MENCIÓN DEL TÍTULO
Título Histoire de la vie et des ouvrages de P. Corneille /
Mención de responsabilidad, etc. par M.J. Taschereau.
260 ## - PUBLICACIÓN, DISTRIBUCIÓN, ETC.
Lugar de publicación, distribución, etc. Paris :
Nombre del editor, distribuidor, etc. chez P. Jannet,
Fecha de publicación, distribución, etc. 1855 (
Fabricante Imp. Guiraudet et Jouaust)
300 ## - DESCRIPCIÓN FÍSICA
Extensión VIII, 440 p. ;
Dimensiones 16 cm.
490 1# - MENCIÓN DE SERIE
Mención de serie Bibliothèque Elzevirienne
594 ## - Nota al título y mención de responsabilidad
Nota al título y mención de responsabilidad Tit. en antep.: Oeuvres completes de P. Corneille: préliminaires.
598 ## - NOTA LOCAL
Nota local Mención de serie consta en el lomo.
600 14 - PUNTO DE ACCESO ADICIONAL DE MATERIA--NOMBRE DE PERSONA
Nombre de persona Corneille, Pierre-
Subdivisión general Crítica e interpretación.
9 (RLIN) 40603
600 14 - PUNTO DE ACCESO ADICIONAL DE MATERIA--NOMBRE DE PERSONA
Nombre de persona Corneille, Pierre-
Subdivisión de forma Biografías.
9 (RLIN) 188589
700 1# - ENTRADA AGREGADA--NOMBRE PERSONAL
Nombre de persona Jannet, Pierre,
Fechas asociadas al nombre 1820-1870
Término indicativo de función/relación
9 (RLIN) 128271
752 ## - ENTRADA AGREGADA--NOMBRE JERÁRQUICO DEL LUGAR
País o entidad superior Francia -
Ciudad París
830 0# - PUNTO DE ACCESO ADICIONAL DE SERIE-TÍTULO UNIFORME
Título uniforme Bibliothèque Elzevirienne
9 (RLIN) 180979
852 ## - LOCALIZACIÓN
Ubicación ES-MaACL
Número de control de estantería G-2281
Nota libre -- Enc. tela roja grabada
Holdings
Estatus retirado Estado de pérdida Estado de daño No para préstamo Colección Biblioteca de origen Biblioteca actual Ubicación en estantería Fecha de adquisición Fuente de adquisición Total de préstamos Signatura topográfica completa Código de barras Visto por última vez Precio de reemplazo Tipo de ítem Koha
        Libros del s. XIX Biblioteca del Ateneo de Madrid Biblioteca del Ateneo de Madrid Depósito 2 17/01/2008     G-2281 1174166 23/02/2023 23/02/2023 Libro impreso antiguo